Συντεταγμένες και συστήματα αναφοράς

Αποθηκεύτηκε σε:
Λεπτομέρειες βιβλιογραφικής εγγραφής
Κύριος συγγραφέας: Δερμάνης, Αθανάσιος Α. 1948-
Μορφή: Βιβλίο
Γλώσσα:Greek
Δημοσίευση: Θεσσαλονίκη : Ζήτης, 2005
Θέματα:
Ετικέτες: Προσθήκη ετικέτας
Δεν υπάρχουν, Καταχωρήστε ετικέτα πρώτοι!

MARC

LEADER 00000nam a2200000 i 4500
001 1/54188
008 070906s2005 gre d
020 |a 960-431-966-3 
035 |l 10090501 
040 |a GR-MY-UA  |b gre  |e aacr 
041 0 |a gre 
082 0 |a 526.1  |2 (22) 
100 1 |a Δερμάνης, Αθανάσιος Α.  |d 1948- 
245 1 0 |a Συντεταγμένες και συστήματα αναφοράς /  |c Αθανάσιος Δερμάνης 
260 |a Θεσσαλονίκη :   |b Ζήτης,   |c 2005 
300 |a 480 σ. ;  |b πιν. σχέδια;  |c 24 εκ.  
650 0 0 |a Geodesy. 
650 0 0 |a Astronomy. 
650 0 0 |a Global Positioning System. 
650 0 0 |a Time  |x Systems and standards. 
852 |a INST  |b LESVOS  |e 20070906  |h 526.1 ΔΕΡ  |p 005100037686  |q 005100037686  |t BK  |y 0 
901 |a BIBL1-2007-3 
909 |a Λ  |b 136625 
922 |a 1ΕΛΗ  |b 2007-07  |c ΕΠΕΑΕΚ2/ΤΓ  |d Σ. ΠΑΤΑΚΗΣ 
970 |a ΧΑΤΖΗΜΙΧΑΗΛ  |b ΜΑΡΙΑ  |z 2007/09/06